|
|
|
|
| LEADER |
01466pam a22003258a 4500 |
| 001 |
00039030 |
| 005 |
20171026081025.0 |
| 008 |
170517s2000 ||||||Viesd |
| 041 |
0 |
# |
|a Vie
|
| 082 |
1 |
4 |
|a 363.7
|b S450T
|
| 245 |
1 |
0 |
|a Sổ tay hướng dẫn đánh giá tác động môi trường cho đồ án quy hoạch đô thị
|c Lê Đức An, Lê Thạc Cán, Luc Hens, [ những người khác... biên tập]
|
| 260 |
# |
# |
|a H.
|c 2000
|
| 300 |
# |
# |
|a 67tr.
|c 29 cm
|
| 500 |
# |
# |
|a ĐTTS ghi: Bộ Xây dựng. Bộ Khoa học công nghệ và môi trường. Trung tâm khoa học tự nhiên và công nghệ quốc gia. Đề án " xây dựng năng lực quản lý môi trường ở Việt Nam" do ủy ban Châu Âu tài trợ
|
| 653 |
# |
# |
|a Ô nhiễm
|
| 653 |
# |
# |
|a Quy hoạch
|
| 653 |
# |
# |
|a Môi trường
|
| 653 |
# |
# |
|a Đánh giá
|
| 653 |
# |
# |
|a Đô thị
|
| 700 |
1 |
# |
|a Hens, Luc
|e Biên tập
|
| 700 |
1 |
# |
|a Lê, Hồng Kế
|e Biên tập
|
| 700 |
1 |
# |
|a Lê, Thạc Cán
|e Biên tập
|
| 700 |
1 |
# |
|a Lê, Đức An
|e Biên tập
|
| 700 |
1 |
# |
|a Nguyễn, Ngọc Sinh
|e Biên tập
|
| 852 |
# |
# |
|b Kho mượn
|j KM.0022982
|
| 852 |
# |
# |
|b Kho đọc
|j KD.1002356, KD.0022204
|
| 852 |
# |
# |
|j KM.0022982
|j KD.0022204
|
| 910 |
|
|
|d 17/05/2017
|
| 980 |
# |
# |
|a Trung tâm Học liệu Lê Vũ Hùng, Trường Đại học Đồng Tháp
|